UM Logo

International and hotel performance : (Record no. 23169)

MARC details
000 -LEADER
fixed length control field 01023nam a22002537a 4500
003 - CONTROL NUMBER IDENTIFIER
control field OSt
005 - DATE AND TIME OF LATEST TRANSACTION
control field 20251212175937.0
008 - FIXED-LENGTH DATA ELEMENTS--GENERAL INFORMATION
fixed length control field 241112b |||||||| |||| 00| 0 eng d
040 ## - CATALOGING SOURCE
Transcribing agency 0
082 ## - DEWEY DECIMAL CLASSIFICATION NUMBER
Classification number DPer 647.94068 In821 August-October 2019 v. 81-83
100 ## - MAIN ENTRY--PERSONAL NAME
Personal name Woo, Linda.
Relator term author.
9 (RLIN) 63981
245 ## - TITLE STATEMENT
Title International and hotel performance :
Remainder of title agglomeration-related moderators /
Statement of responsibility, etc. Linda Woo, A. George Assaf, Alexander Josiassen, Florian Kock.
260 ## - PUBLICATION, DISTRIBUTION, ETC. (IMPRINT)
Place of publication, distribution, etc. Amsterdam ;
Name of publisher, distributor, etc. Elsevier,
Date of publication, distribution, etc. September 2019.
300 ## - PHYSICAL DESCRIPTION
Extent Volume 66, pages 48-58 :
Other physical details illustration ;
Dimensions 28 cm.
500 ## - GENERAL NOTE
General note International Journal of Hospitality Management, vol. 81, pages 48-58, August 2019.
650 #0 - SUBJECT ADDED ENTRY--TOPICAL TERM
Topical term or geographic name as entry element Internationalization.
9 (RLIN) 66597
650 #0 - SUBJECT ADDED ENTRY--TOPICAL TERM
Topical term or geographic name as entry element International intensity.
9 (RLIN) 66598
650 #0 - SUBJECT ADDED ENTRY--TOPICAL TERM
Topical term or geographic name as entry element International diversity.
9 (RLIN) 66599
700 ## - ADDED ENTRY--PERSONAL NAME
Personal name Woo, Linda.
Relator term author.
9 (RLIN) 63981
700 ## - ADDED ENTRY--PERSONAL NAME
Personal name Assaf, A. George.
Relator term author.
9 (RLIN) 66740
700 ## - ADDED ENTRY--PERSONAL NAME
Personal name Josiassen, Alexander.
Relator term author.
9 (RLIN) 66741
700 ## - ADDED ENTRY--PERSONAL NAME
Personal name Kock, Florian.
Relator term author.
9 (RLIN) 66742
942 ## - ADDED ENTRY ELEMENTS (KOHA)
Source of classification or shelving scheme Dewey Decimal Classification
Koha item type Periodicals
Holdings
Withdrawn status Lost status Source of classification or shelving scheme Damaged status Not for loan Collection code Home library Current library Date acquired Total Checkouts Full call number Date last seen Price effective from Koha item type Public note
    Dewey Decimal Classification     Periodicals UM Digos College - LIC UM Digos College - LIC 11/12/2024   DPer647.94068 August-October 2019 v. 81-83 11/12/2024 11/12/2024 Periodicals Periodical Article